Dependencia holística
Guardado en:
| Hovedforfatter: | |
|---|---|
| Format: | Texto |
| Udgivet: |
Nuevo México:
IICLA
|
| Tags: |
Tilføj Tag
Ingen Tags, Vær først til at tagge denne postø!
|
MARC
| LEADER | 00000 a a2200000 04500 | ||
|---|---|---|---|
| 001 | 23658 | ||
| 003 | |||
| 040 | |||
| 090 | |a 165500 | ||
| 100 | |a Packenham, Robert A. | ||
| 245 | |a Dependencia holística | ||
| 260 | |a Nuevo México: |b IICLA | ||
| 300 | |a 63 p. | ||
| 999 | |c 17282 |d 17282 | ||
